| 000 | 00905nam a2200241 i 4500 | ||
|---|---|---|---|
| 001 | 118907 | ||
| 003 | ES-MaACL | ||
| 005 | 20251215125400.0 | ||
| 007 | t| | ||
| 008 | 070214s1966 sp |||| | spa d | ||
| 100 | 1 |
_aPérez de la Dehesa, Rafael. _990781 |
|
| 245 | 1 | 3 |
_aEl pensamiento de Costa y su influencia en el 98 / _cRafael Pérez de la Dehesa. |
| 260 |
_aMadrid : _bSociedad de Estudios y Publicaciones, _c1966 ( _fOgrama) |
||
| 300 |
_a261 p. ; _c21 cm. |
||
| 504 | _aBibliografía: p. 233-[261] | ||
| 505 | 8 | _aContiene: Las intervenciones del Ateneo, p. 129-154 | |
| 530 | _aDisponible en formato digital. | ||
| 600 | 1 | 4 |
_aCosta, Joaquín, _d1846-1911- _xPensamiento político _941057 |
| 852 |
_aES-MaACL _cDEPOF |
||
| 856 | 4 |
_uhttps://bibliotecavirtual.aragon.es/es/consulta/registro.do?id=2036 _y(Biblioteca Virtual de Aragón) |
|
| 942 | _2udc | ||
| 999 |
_c118907 _d118907 |
||